Les cases a bon preu / (Record no. 72370)

MARC details
000 -LEADER
campo de control de longitud fija 00557nam a2200169 i 4500
001 - NÚMERO DE CONTROL
campo de control 72370
003 - IDENTIFICADOR DE NÚMERO DE CONTROL
campo de control ES-MaACL
005 - FECHA Y HORA DE LA ÚLTIMA TRANSACCIÓN
campo de control 20230906171423.0
007 - CAMPO FIJO DE DESCRIPCIÓN FÍSICA--INFORMACIÓN GENERAL
campo de control de longitud fija t|
008 - DATOS DE LONGITUD FIJA--INFORMACIÓN GENERAL
campo de control de longitud fija 040831s1920 sp ||||1| cat d
100 1# - ENTRADA PRINCIPAL--NOMBRE DE PERSONA
Nombre de persona Giral d'Arquer, Eugenio.
9 (RLIN) 57185
245 14 - MENCIÓN DEL TÍTULO
Título Les cases a bon preu /
Mención de responsabilidad, etc. Eugeni Giral d'Arquer, Albert Carbó Pompido.
260 ## - PUBLICACIÓN, DISTRIBUCIÓN, ETC.
Lugar de publicación, distribución, etc. Barcelona :
Nombre del editor, distribuidor, etc. Societat Económica Barcdelonesa d'Amics del Pais,
Fecha de publicación, distribución, etc. 1920 (
Fabricante Altés)
300 ## - DESCRIPCIÓN FÍSICA
Extensión 55 p., 7 lám. ;
Dimensiones 21 cm.
700 1# - ENTRADA AGREGADA--NOMBRE PERSONAL
Nombre de persona Carbó Pompido, Albert.
9 (RLIN) 35025
852 ## - LOCALIZACIÓN
Ubicación ES-MaACL
Número de control de estantería C-28133
Sublocalización o colección R.57276
Holdings
Estatus retirado Estado de pérdida Estado de daño No para préstamo Biblioteca de origen Biblioteca actual Ubicación en estantería Fecha de adquisición Fuente de adquisición Total de préstamos Signatura topográfica completa Código de barras Visto por última vez Precio de reemplazo Tipo de ítem Koha
        Biblioteca del Ateneo de Madrid Biblioteca del Ateneo de Madrid Depósito 2 17/01/2008     C-28133 1075765 23/02/2023 23/02/2023 Libro impreso